000 00827cam a22001814a 4500
005 20250605164349.0
008 250528s ||||||||||||||||||||||||d
035 _a24068
040 _aGR-AtMCL
_bgre
_dGR-AtMCL
_eAACR2
245 1 _aΤο Ε.Β.Ε.Α. στον 21ο Αιώνα
260 _bΕμπορικό Και Βιομηχανικό Επιμελητήριο Αθηνών,
_c2019
300 _a64
520 _aΕκδήλωση για τα 100 Χρόνια Ε.Β.Ε.Α., Άπο τη Δραχμή στο Ευρώ, Ο Σταθμός των 28ων Ολυμπιακών Αγώνων, Με το Βλέμμα στην Κοινωνία, Εν Καιρώ Κρίσης και Μνημονίων (2010-2019).
700 1 _aΜίχαλος Κωνσταντίνος
_94319
942 _cCR
999 _c8968
_d8968